[Event "Florianopolis op 5th"]
[Site "Florianopolis"]
[Date "2019.01.22"]
[Round "2"]
[White "Araujo, Everson de Moura"]
[Black "Almeida, Gianluca Jorio"]
[Result "1/2-1/2"]
[WhiteElo "1884"]
[BlackElo "2157"]
[PlyCount "112"]
[EventDate "2019.01.21"]
[EventType "swiss"]
[EventRounds "10"]
[EventCountry "BRA"]
[SourceTitle "CBM 188 Extra"]
[Source "ChessBase"]
[SourceDate "2019.02.28"]
[SourceVersion "1"]
[SourceVersionDate "2019.02.28"]
[SourceQuality "1"]

1. c4 Nf6 2. Nc3 e6 3. Nf3 c5 4. e3 d5 5. cxd5 exd5 6. d4 Nc6 7. Be2 Be7 8. 0-0 0-0 9. dxc5 Bxc5 10. b3 a6 11. Bb2 Ba7 12. Rc1 Re8 13. Qd3 Bg4 14. Rfd1 Qe7 15. a3 Rad8 16. h3 Bh5 17. b4 d4 18. exd4 Nxd4 19. Nxd4 Rxd4 20. Qc2 Bxe2 21. Re1 Re4 22. Nxe4 Qxe4 23. Qxe4 Rxe4 24. Rc2 Bc4 25. Rxe4 Nxe4 26. Rxc4 Bxf2+ 27. Kh2 Bg3+ 28. Kh1 f5 29. Bd4 h5 30. Rc8+ Kf7 31. Rh8 h4 32. Rh7 Nf6 33. Bxf6 Kxf6 34. Rh8 Ke6 35. Rd8 Bf4 36. Kg1 Bc1 37. Rd3 g5 38. Kf2 Ke5 39. Kf3 b5 40. Rc3 Bb2 41. Rc6 Bxa3 42. Rxa6 Bxb4 43. Rb6 Bc5 44. Rxb5 Kd5 45. Rb8 Ke5 46. Re8+ Kf6 47. Rc8 Bd4 48. Rc6+ Kf7 49. Ke2 Be5 50. Ke3 Ke7 51. Ra6 Kf7 52. Kd3 Bf6 53. Ke3 Be5 54. Kf3 Ke7 55. Rc6 Kf7 56. Ra6 Ke7 1/2-1/2

[Event "Rio de Janeiro Duchamp op 2nd"]
[Site "Rio de Janeiro"]
[Date "2018.11.17"]
[Round "5"]
[White "Almeida, Gianluca Jorio"]
[Black "Perdomo, Leandro Daniel"]
[Result "1-0"]
[WhiteElo "2109"]
[BlackElo "2476"]
[PlyCount "91"]
[EventDate "2018.11.14"]
[EventType "swiss"]
[EventRounds "9"]
[EventCountry "BRA"]
[SourceTitle "CBM 187 Extra"]
[Source "ChessBase"]
[SourceDate "2018.11.04"]
[SourceVersion "1"]
[SourceVersionDate "2018.11.04"]
[SourceQuality "1"]

1. c4 g6 2. Nc3 Bg7 3. g3 e5 4. Bg2 Nc6 5. e4 d6 6. Nge2 f5 7. d3 Nf6 8. 0-0 0-0 9. Nd5 Ne7 10. Nxf6+ Bxf6 11. Bh6 Rf7 12. Qd2 Be6 13. Rac1 c6 14. f4 Qb6+ 15. Kh1 Rd8 16. Rfd1 Rd7 17. b3 Kh8 18. d4 Ng8 19. d5 Bxd5 20. fxe5 dxe5 21. cxd5 f4 22. Nxf4 Nxh6 23. Nxg6+ Kg7 24. Nxe5 Bxe5 25. Qg5+ Kf8 26. Qxh6+ Bg7 27. Qxh7 Rf2 28. dxc6 Qxc6 29. Rf1 Rxf1+ 30. Rxf1+ Rf7 31. Rxf7+ Kxf7 32. Qf5+ Ke7 33. h4 Qc1+ 34. Kh2 Qb2 35. Qc5+ Kd8 36. Qxa7 Be5 37. Qxb7 Qc3 38. Qb6+ Ke8 39. Qg6+ Ke7 40. h5 Qb2 41. Qg5+ Kd6 42. a4 Qc3 43. Qd8+ Ke6 44. Bh3+ Kf7 45. Qd7+ Kf8 46. Qc8+ 1-0

[Event "Rio de Janeiro Duchamp op 2nd"]
[Site "Rio de Janeiro"]
[Date "2018.11.14"]
[Round "1"]
[White "Almeida, Gianluca Jorio"]
[Black "Souza Jr, Helemberg Cubica De"]
[Result "1-0"]
[WhiteElo "2109"]
[BlackElo "1753"]
[PlyCount "99"]
[EventDate "2018.11.14"]
[EventType "swiss"]
[EventRounds "9"]
[EventCountry "BRA"]
[SourceTitle "CBM 187 Extra"]
[Source "ChessBase"]
[SourceDate "2018.11.04"]
[SourceVersion "1"]
[SourceVersionDate "2018.11.04"]
[SourceQuality "1"]

1. c4 e5 2. Nc3 Nf6 3. g3 d5 4. cxd5 Nxd5 5. Bg2 Nb6 6. Nf3 Nc6 7. 0-0 Be7 8. a3 0-0 9. b4 a5 10. b5 Nd4 11. Nxe5 Bf6 12. f4 Bxe5 13. fxe5 Qe8 14. e3 Nxb5 15. Qb3 Nxc3 16. Qxc3 c6 17. a4 Qd8 18. Ba3 Re8 19. Rab1 Be6 20. Rf4 Nd5 21. Bxd5 Qxd5 22. Rxb7 Reb8 23. Rb2 Rxb2 24. Bxb2 Rb8 25. Rd4 Qf3 26. Qxa5 h6 27. Rd8+ Rxd8 28. Qxd8+ Kh7 29. Qd3+ Bf5 30. Qf1 Qxf1+ 31. Kxf1 Bd3+ 32. Kf2 g6 33. Kf3 Kg8 34. Ba3 Bc4 35. Ke4 Kg7 36. Be7 h5 37. Kd4 Ba6 38. Kc5 Kh6 39. Kxc6 g5 40. a5 Kg6 41. e4 Bd3 42. Kd5 Ba6 43. Kd4 g4 44. Ke3 Bb7 45. d4 f5 46. exf6 Kf7 47. d5 Bc8 48. e5 Ke8 49. e6 h4 50. Bd6 1-0

[Event "Rio de Janeiro Duchamp op 2nd"]
[Site "Rio de Janeiro"]
[Date "2018.11.14"]
[Round "2"]
[White "Von Buelow, Georg"]
[Black "Almeida, Gianluca Jorio"]
[Result "1-0"]
[WhiteElo "2354"]
[BlackElo "2109"]
[PlyCount "63"]
[EventDate "2018.11.14"]
[EventType "swiss"]
[EventRounds "9"]
[EventCountry "BRA"]
[SourceTitle "CBM 187 Extra"]
[Source "ChessBase"]
[SourceDate "2018.11.04"]
[SourceVersion "1"]
[SourceVersionDate "2018.11.04"]
[SourceQuality "1"]

1. e4 c5 2. Nf3 e6 3. d4 cxd4 4. Nxd4 a6 5. Bd3 Qc7 6. 0-0 Nf6 7. Qe2 d6 8. c4 Nbd7 9. Nc3 Be7 10. Bd2 0-0 11. b3 b6 12. f4 Re8 13. Rae1 Bb7 14. Kh1 Rad8 15. b4 Qb8 16. Qf3 Qa8 17. Qh3 Bf8 18. a3 g6 19. f5 exf5 20. exf5 Bg7 21. Bg5 Rxe1 22. Rxe1 Ne5 23. Bf1 Re8 24. Qh4 Neg4 25. h3 h6 26. Bxf6 Nxf6 27. fxg6 fxg6 28. Ne6 Qc8 29. Nxg7 Kxg7 30. Rxe8 Qxe8 31. Qd4 Qc6 32. Nd5 1-0

[Event "Rio de Janeiro Andrade Memorial 2nd"]
[Site "Rio de Janeiro"]
[Date "2018.09.09"]
[Round "5"]
[White "Almeida, Gianluca Jorio"]
[Black "Rodrigues, Nei Jorge"]
[Result "1-0"]
[WhiteElo "2054"]
[BlackElo "1976"]
[PlyCount "61"]
[EventDate "2018.09.07"]
[EventType "swiss"]
[EventRounds "6"]
[EventCountry "BRA"]
[SourceTitle "CBM 186 Extra"]
[Source "ChessBase"]
[SourceDate "2018.08.24"]
[SourceVersion "1"]
[SourceVersionDate "2018.08.24"]
[SourceQuality "1"]

1. c4 Nf6 2. Nc3 e5 3. g3 Bb4 4. Bg2 0-0 5. Nf3 Re8 6. 0-0 c6 7. d3 d5 8. cxd5 Nxd5 9. Qb3 Na6 10. Ng5 Nc5 11. Qc4 Bxc3 12. bxc3 Ne6 13. Ne4 Nec7 14. Qb3 Rb8 15. c4 Nf6 16. Be3 b6 17. Qa4 Na6 18. Nxf6+ Qxf6 19. Bxc6 Re7 20. Bd5 Qd6 21. Rab1 Nc5 22. Qa3 Bh3 23. Rfc1 Rc8 24. Bxc5 Rxc5 25. Rb5 Rec7 26. Rxc5 Qxc5 27. Rc3 Qd4 28. Qd6 h6 29. Qxc7 Qxc3 30. Qxf7+ Kh7 31. Be4+ 1-0

[Event "BRA-ch U16"]
[Site "Itajai"]
[Date "2017.06.02"]
[Round "2"]
[White "Almeida, Gianluca Jorio"]
[Black "Labussiere, Victor"]
[Result "1/2-1/2"]
[WhiteElo "2039"]
[BlackElo "1864"]
[PlyCount "77"]
[EventDate "2017.06.01"]
[EventType "swiss"]
[EventRounds "6"]
[EventCountry "BRA"]
[SourceTitle "CBM 179 Extra"]
[Source "ChessBase"]
[SourceDate "2017.08.23"]
[SourceVersion "1"]
[SourceVersionDate "2017.08.23"]
[SourceQuality "1"]

1. c4 g6 2. Nc3 Bg7 3. d4 Nf6 4. e4 d6 5. f4 0-0 6. Nf3 Na6 7. Bd3 Bg4 8. 0-0 Nd7 9. Be3 e5 10. fxe5 c5 11. d5 Nxe5 12. Qd2 Nc7 13. Nxe5 Bxe5 14. Bg5 Qe8 15. Rae1 f6 16. Bf4 Qe7 17. Kh1 Bd7 18. Rf3 Rab8 19. Ref1 b5 20. Qf2 Bxf4 21. Rxf4 Kg7 22. Nd1 bxc4 23. Bxc4 Nb5 24. Bxb5 Bxb5 25. Re1 Rbe8 26. Ne3 Bd3 27. Qg3 Kh8 28. Nf5 Qe5 29. Rh4 Qxg3 30. Nxg3 f5 31. Re3 fxe4 32. h3 Re5 33. Nxe4 c4 34. b3 Kg7 35. bxc4 Bxc4 36. Ra3 Ra8 37. Nxd6 Bxd5 38. Rc3 Re7 39. Rg3 1/2-1/2

[Event "Florianopolis op 3rd"]
[Site "Florianopolis"]
[Date "2017.01.25"]
[Round "8"]
[White "Almeida, Gianluca Jorio"]
[Black "Volkmann, Andre Jordi"]
[Result "1-0"]
[WhiteElo "2040"]
[BlackElo "1860"]
[PlyCount "57"]
[EventDate "2017.01.20"]
[EventType "swiss"]
[EventRounds "10"]
[EventCountry "BRA"]
[SourceTitle "CBM 176 Extra"]
[Source "ChessBase"]
[SourceDate "2017.03.02"]
[SourceVersion "1"]
[SourceVersionDate "2017.03.02"]
[SourceQuality "1"]

1. c4 e6 2. Nc3 d5 3. d4 Nf6 4. Nf3 c6 5. Bg5 Be7 6. e3 h6 7. Bh4 0-0 8. Qc2 Re8 9. Bd3 Nbd7 10. cxd5 exd5 11. 0-0 Ne4 12. Bxe7 Qxe7 13. Bxe4 dxe4 14. Nd2 f5 15. Nc4 Nf6 16. Rac1 Be6 17. Ne5 g5 18. Na4 Nd7 19. Nxd7 Qxd7 20. Nc5 Qf7 21. Nxe6 Rxe6 22. Qb3 Kh7 23. Rc5 Rf8 24. Ra5 b6 25. Rxa7 Qxa7 26. Qxe6 c5 27. dxc5 bxc5 28. Rd1 Rf7 29. Rd6 1-0

[Event "Florianopolis op 3rd"]
[Site "Florianopolis"]
[Date "2017.01.23"]
[Round "6"]
[White "Almeida, Gianluca Jorio"]
[Black "Gomes, Marco Tulio Caldeir"]
[Result "1-0"]
[WhiteElo "2040"]
[BlackElo "1792"]
[PlyCount "91"]
[EventDate "2017.01.20"]
[EventType "swiss"]
[EventRounds "10"]
[EventCountry "BRA"]
[SourceTitle "CBM 176 Extra"]
[Source "ChessBase"]
[SourceDate "2017.03.02"]
[SourceVersion "1"]
[SourceVersionDate "2017.03.02"]
[SourceQuality "1"]

1. c4 e5 2. Nc3 Nf6 3. g3 Nc6 4. Bg2 Bb4 5. Nf3 0-0 6. 0-0 Re8 7. Nd5 Bc5 8. d3 h6 9. Bd2 a5 10. Bc3 d6 11. Nd2 Nxd5 12. cxd5 Ne7 13. Nb3 Bb6 14. Rc1 Ng6 15. Nd2 f5 16. Nc4 Bd7 17. Qd2 a4 18. Nxb6 cxb6 19. Bb4 Bb5 20. Rc2 Qe7 21. Rfc1 Rad8 22. Ba3 Ba6 23. Qb4 b5 24. Rc7 Qf6 25. e4 f4 26. Qd2 Re7 27. Bh3 Nf8 28. Rxe7 Qxe7 29. Qa5 Qf6 30. Bb4 h5 31. Qb6 h4 32. Kg2 Nd7 33. Qxd6 Nf8 34. Qxf6 gxf6 35. gxf4 exf4 36. Rc8 Rxc8 37. Bxc8 Kf7 38. Kf3 Ng6 39. d4 Ne7 40. Be6+ Ke8 41. Kxf4 b6 42. Kg4 Ng6 43. Kf5 Nf8 44. Bxf8 Kxf8 45. Kxf6 Ke8 46. a3 1-0

[Event "Rio de Janeiro Guanabara op 5th"]
[Site "Rio de Janeiro"]
[Date "2016.12.03"]
[Round "2"]
[White "Almeida, Gianluca Jorio"]
[Black "Rodi, Luis Ernesto"]
[Result "1/2-1/2"]
[WhiteElo "2000"]
[BlackElo "2325"]
[PlyCount "86"]
[EventDate "2016.12.03"]
[EventType "swiss"]
[EventRounds "6"]
[EventCountry "BRA"]
[SourceTitle "EXT 2018"]
[Source "ChessBase"]
[SourceDate "2017.10.13"]
[SourceVersion "1"]
[SourceVersionDate "2017.10.13"]
[SourceQuality "1"]

1. c4 f5 2. g3 Nf6 3. Bg2 g6 4. d4 Bg7 5. Nc3 d6 6. Nf3 0-0 7. 0-0 Qe8 8. Re1 Qf7 9. b3 Ne4 10. Bb2 c5 11. e3 Nc6 12. Rc1 e5 13. d5 Ne7 14. Qe2 Nxc3 15. Bxc3 h6 16. Nd2 e4 17. Bxg7 Qxg7 18. f3 exf3 19. Nxf3 Bd7 20. Qd2 g5 21. e4 Ng6 22. exf5 Bxf5 23. Qc3 Rae8 24. Qxg7+ Kxg7 25. h3 Rxe1+ 26. Rxe1 Bxh3 27. Nxg5 hxg5 28. Bxh3 Ne5 29. Re3 a5 30. Bf1 Ra8 31. a4 Rf8 32. Be2 Rf7 33. Kg2 Re7 34. Bd1 Ng6 35. Rxe7+ Nxe7 36. Bc2 Kf6 37. Kf2 Ke5 38. Ke3 Nf5+ 39. Bxf5 Kxf5 40. Kf3 g4+ 41. Ke3 Ke5 42. Kd3 Kf5 43. Ke3 Ke5 1/2-1/2

[Event "Rio de Janeiro-ch Estadual"]
[Site "Rio de Janeiro"]
[Date "2016.11.05"]
[Round "2.6"]
[White "Soares, Joao Carlos TC"]
[Black "Almeida, Gianluca Jorio"]
[Result "1/2-1/2"]
[WhiteElo "1881"]
[BlackElo "2000"]
[PlyCount "65"]
[EventDate "2016.11.04"]
[EventType "swiss"]
[EventRounds "6"]
[EventCountry "BRA"]
[SourceTitle "EXT 2022"]
[Source "ChessBase"]
[SourceDate "2021.10.06"]
[SourceVersion "1"]
[SourceVersionDate "2021.10.06"]
[SourceQuality "1"]

1. e4 c5 2. Nf3 e6 3. d4 cxd4 4. Nxd4 a6 5. Bd3 Qc7 6. 0-0 Nf6 7. Qe2 d6 8. Kh1 Nbd7 9. Nc3 b5 10. Re1 Be7 11. f4 Bb7 12. f5 e5 13. Nf3 Nc5 14. a3 Rd8 15. Bg5 0-0 16. Rac1 Rfe8 17. Bxf6 Bxf6 18. b4 Nd7 19. Nd5 Bxd5 20. exd5 Qc3 21. Qd2 Qxd2 22. Nxd2 Bg5 23. Rcd1 Bxd2 24. Rxd2 Nb6 25. a4 Nxa4 26. c4 Rb8 27. cxb5 axb5 28. Rc2 Rec8 29. Rxc8+ Rxc8 30. Bxb5 Nc3 31. Bc6 Kf8 32. Ra1 Ke7 33. Kg1 1/2-1/2

[Event "Rio de Janeiro Keres Memorial 4th"]
[Site "Rio de Janeiro"]
[Date "2016.10.09"]
[Round "5"]
[White "Beserra, Juan Pablo de Carva"]
[Black "Almeida, Gianluca Jorio"]
[Result "1/2-1/2"]
[WhiteElo "1906"]
[BlackElo "1925"]
[PlyCount "90"]
[EventDate "2016.10.01"]
[EventType "swiss"]
[EventRounds "6"]
[EventCountry "BRA"]
[SourceTitle "EXT 2018"]
[Source "ChessBase"]
[SourceDate "2017.10.13"]
[SourceVersion "1"]
[SourceVersionDate "2017.10.13"]
[SourceQuality "1"]

1. d4 d5 2. c4 e6 3. Nf3 Be7 4. g3 Nf6 5. Bg2 0-0 6. 0-0 b6 7. cxd5 exd5 8. Nc3 Bb7 9. Qb3 Na6 10. Rd1 h6 11. Bf4 Rc8 12. Bh3 Ra8 13. Rac1 g5 14. Be5 Ne8 15. Qc2 Nb4 16. Qb1 Bc8 17. Bxc8 Rxc8 18. a3 Nc6 19. Qf5 Nxe5 20. dxe5 Ng7 21. Qh3 c6 22. Qxh6 g4 23. Rd4 f5 24. Nd2 Bg5 25. Qg6 Qe7 26. e3 Kh8 27. h4 gxh3 28. f4 Bh4 29. Qh6+ Kg8 30. Qxh4 Qxh4 31. gxh4 Ne6 32. Ra4 a5 33. b4 Kh8 34. bxa5 Rg8+ 35. Kh1 Nc5 36. Rd4 bxa5 37. Na4 Nxa4 38. Rxa4 Rg2 39. Nf3 Rf2 40. Ng5 Rb8 41. Nxh3 Re2 42. Ng1 Rf2 43. Rxa5 Rbb2 44. Ra8+ Kh7 45. Ra7+ Kh8 1/2-1/2

[Event "Pan American-ch U14 27th"]
[Site "Montevideo"]
[Date "2016.07.27"]
[Round "4"]
[White "Rueda Nessi, Francisco"]
[Black "Almeida, Gianluca Jorio"]
[Result "1/2-1/2"]
[WhiteElo "1709"]
[BlackElo "2065"]
[PlyCount "51"]
[EventDate "2016.07.25"]
[EventType "swiss"]
[EventRounds "9"]
[EventCountry "URU"]
[SourceTitle "EXT 2017"]
[Source "ChessBase"]
[SourceDate "2016.10.25"]
[SourceVersion "1"]
[SourceVersionDate "2016.10.25"]
[SourceQuality "1"]

1. e4 c5 2. d4 cxd4 3. c3 d3 4. Bxd3 Nc6 5. Nf3 g6 6. Bf4 Bg7 7. 0-0 Nf6 8. Na3 0-0 9. Nb5 d6 10. e5 Nh5 11. Bg5 Nxe5 12. Nxe5 Bxe5 13. Re1 Bf6 14. Be3 a6 15. g4 Bxg4 16. Qxg4 axb5 17. Bxb5 Ng7 18. f4 Qc8 19. Qf3 Nf5 20. Bf2 Nh4 21. Qg3 Qf5 22. Bd3 Qd5 23. Be4 Qb5 24. Qg4 Nf5 25. Red1 Qd7 26. Qf3 1/2-1/2

[Event "Pan American-ch U14 27th"]
[Site "Montevideo"]
[Date "2016.07.26"]
[Round "2"]
[White "Almeida, Gianluca Jorio"]
[Black "Alvarado Munoz, Sebastian Ignacio"]
[Result "1-0"]
[WhiteElo "2065"]
[BlackElo "1684"]
[PlyCount "43"]
[EventDate "2016.07.25"]
[EventType "swiss"]
[EventRounds "9"]
[EventCountry "URU"]
[SourceTitle "EXT 2017"]
[Source "ChessBase"]
[SourceDate "2016.10.25"]
[SourceVersion "1"]
[SourceVersionDate "2016.10.25"]
[SourceQuality "1"]

1. c4 c5 2. Nf3 Nc6 3. e3 e6 4. d4 Nf6 5. Nc3 d5 6. a3 cxd4 7. exd4 Be7 8. Bd3 0-0 9. 0-0 b6 10. Re1 a6 11. cxd5 Nxd5 12. Nxd5 exd5 13. Qc2 Qd6 14. Bxh7+ Kh8 15. Bf5 g6 16. Bxc8 Raxc8 17. Qd3 Bf6 18. Bd2 Kg7 19. Bc3 b5 20. Re2 Ne7 21. Rae1 Rh8 22. Bb4 1-0

[Event "Rio de Janeiro Alex op"]
[Site "Rio de Janeiro"]
[Date "2016.06.19"]
[Round "6"]
[White "Rodrigues, Nei Jorge"]
[Black "Almeida, Gianluca Jorio"]
[Result "0-1"]
[WhiteElo "2029"]
[BlackElo "1969"]
[PlyCount "96"]
[EventDate "2016.06.12"]
[EventType "swiss"]
[EventRounds "6"]
[EventCountry "BRA"]
[SourceTitle "CBM 173 Extra"]
[Source "ChessBase"]
[SourceDate "2016.08.29"]
[SourceVersion "1"]
[SourceVersionDate "2016.08.29"]
[SourceQuality "1"]

1. Nf3 Nf6 2. g3 d5 3. Bg2 c5 4. d3 Nc6 5. Nbd2 e5 6. e4 Be7 7. 0-0 0-0 8. exd5 Nxd5 9. Re1 f6 10. a4 Be6 11. Nc4 Qd7 12. Bd2 Rac8 13. c3 Rfd8 14. Ne3 Nxe3 15. Rxe3 Bg4 16. Qb3+ Kh8 17. Rd1 Be6 18. c4 Bg4 19. Bc3 b6 20. h4 Qf5 21. Rd2 Nd4 22. Qd1 Qh5 23. Bxd4 cxd4 24. Re4 Bb4 25. Rc2 Bf5 26. Qe2 Qg6 27. Nh2 Bxe4 28. Qxe4 Qxe4 29. Bxe4 g6 30. g4 Rf8 31. f3 Rc7 32. Re2 a6 33. Bd5 Re7 34. Nf1 Rb8 35. Ng3 Kg7 36. h5 b5 37. axb5 axb5 38. f4 exf4 39. Rxe7+ Bxe7 40. Ne2 bxc4 41. Bxc4 f3 42. Nf4 Rxb2 43. Kf1 Kh6 44. hxg6 hxg6 45. Nh3 f5 46. gxf5 Bh4 47. Kg1 Bg3 48. Kh1 Rb1+ 0-1